Largest European Cities on a Map by Letter - C - Statistics

General Stats
  • This quiz has been taken 349 times
  • The average score is 11 of 24
Answers on the Map
Answers color-coded by a green-red scale on the quiz's map according to % correct below.
 
Answer Stats
Pop. City % Correct
1.32m Copenhagen
98%
1.09m Cologne
90%
357k Cardiff
88%
502k Chisinau
79%
314k Catania
63%
325k Córdoba
63%
155k Cagliari
61%
380k Coventry
61%
161k Cambridge
59%
330k Cluj-Napoca
59%
202k Charleroi
52%
248k Chemnitz
41%
264k Constanta
41%
137k Colchester
37%
144k Clermont-Ferrand
36%
214k Cartagena
30%
245k Craiova
23%
223k Częstochowa
22%
170k Castellón de la Plana
20%
288k Chernihiv
16%
286k Çorlu
15%
276k Cherkasy
13%
267k Chernivtsi
12%
319k Cherepovets
9%
No matching quizzes found
Score Distribution
Percent of People with Each Score
Percentile by Number Answered
Your Score History
You have not taken this quiz